Košice Dom Košického vládneho programu : Komenského ulica : Dóm : Urbanova vež

Bibliographic Details
Format: Photo
Language:Slovak
PhysicalDescription:1 pohľadnica (4 čiastkové pohľady) čiernobiela 15 x 11 cm
Published: Bratislava Slovenské vydavateľstvo politickej literatúry 1962
Subjects:

MARC

LEADER 00000nkm a2200000 a 4500
001 vtls011579556
003 SK-MaSNL
005 20260302085113.0
007 kf bo
008 231214s1962 xo g kuslo
015 |a SNBG1962 
035 |a urn:nbn:sk:snk-km00blmw 
035 |a urn:nbn:sk:snk-km3lo72 
035 |a 6D14F8DA-1E43-443B-B4CA-0EF19DDE39BF 
040 |a SNK  |b slo  |c SNK  |e AACR2 
041 0 |a slo 
043 |a e-xo--- 
044 |a xo  |c SK 
080 |a 908(437.6)  |2 2011 
080 |a 904(084.121)  |2 2011 
080 |a 726  |2 2011 
080 |a 711.73  |2 2011 
080 |a 725/726.012.28  |2 2011 
245 0 0 |a Košice  |h grafika  |b Dom Košického vládneho programu : Komenského ulica : Dóm : Urbanova vež 
260 |a Bratislava  |b Slovenské vydavateľstvo politickej literatúry  |c 1962 
300 |a 1 pohľadnica (4 čiastkové pohľady)  |b čiernobiela  |c 15 x 11 cm 
610 2 7 |a Dom Košického vládneho programu (Košice, Slovensko)  |2 SNKKA  |9 29950 
610 2 7 |a Dóm sv. Alžbety (Košice, Slovensko)  |2 SNKKA  |9 34070 
650 0 7 |a katedrály  |2 SNKPH  |9 3032 
650 0 7 |a ulice  |2 SNKPH  |9 2938 
650 0 7 |a veže  |2 SNKPH  |9 30797 
650 0 7 |a Urbanova veža (Košice, Slovensko)  |2 SNKKA  |9 93847 
651 7 |a Košice (Slovensko)  |2 SNKPH  |9 18694 
651 7 |a Komenského ulica (Košice, Slovensko)  |2 SNKPH  |9 552178 
655 7 |a miestne pohľadnice  |2 SNKPH  |9 70510 
655 7 |a pohľadnice kultúrnych pamiatok  |2 SNKPH  |9 70523 
852 |a Slovenská národná knižnica 
958 |a GBN 
958 |a GC 
958 |a OND 
958 |a EUIPO 
999 |c 1190739  |d 1192669 
952 |a SNK  |b SNK  |y PREZ  |7 0  |p 17A1208538  |o snkSP 16414  |0 0  |1 0  |4 0  |d 2016-09-14  |f 1  |l 0  |r 2026-02-24 22:10:28  |w 2026-02-24